Statistics for Three Countries In The World

Click here to take the quiz!

General Stats

  • This quiz has been taken 100 times
  • The average score is 11 of 15

Answer Stats

HintAnswer% Correct
3China
97%
3China
97%
2China
97%
1India
97%
2India
97%
1India
97%
2United States
90%
1United States
90%
3United States
90%
2United Kingdom
85%
3United Arab Emirates
81%
1Russia
43%
3Colombia
28%
1Bhutan
13%
2New Zealand
6%

Score Distribution

Percentile by Number Answered

Percent of People with Each Score

Your Score History

You have not taken this quiz